00480nam a2200181Ia 4500003000400000008004100004040001600045082001800061100002300079245008400102260003600186300001100222650001000233650001200243650001100255650001000266650002200276GCL140319s9999 xx 000 0 eng d aGCL / cGCL04a956.1015bC I1 aCHILDS, TIMOTHY W.10aITALO TURKISH DIPLOMACY AND THE WAR OVER LIBYA 1911-1912 / cCHILDS, TIMOTHY W. a[S.N] : bE. J. BRILL ، c1990 a271 PP04aLIBYA04aOTTOMAN04aEMPIRE04aITALY04aITALIAN DIPLOMACY